000 00487nam a2200193 a 4500
001 1769488318838
003 YourLibrary
005 20260128114523.0
008 260127s2007##################000#0#eng##
020 _a9780820488028
082 0 4 _a302.2310973
_bWAR
100 1 _aWarnick, Barbara,
_eauthor.
245 1 0 _aRhetoric Online :
260 _bPeter Lang,
_c2007.
300 _a176 pages
650 0 _aComputers.
942 _cENGLISH
040 _aYourLibrary
_beng
_cYourLibrary
999 _c609357
_d609357